Reforma Agraria y soberanía alimentaria (Nicaragua y el Salvador)
Se presenta un resumen y conclusiones sobre la reforma agraria en Nicaragua en 1970 -2000, donde se incluyen algunos conceptos generales como tierra, relaciones latifundistas, etc. Asimismo, se hace un recuento del desarrollo histórico de la reforma agraria así como alcances y limitaciones y finalme...
Guardado en:
| Format: | Texto |
|---|---|
| Udgivet: |
Managua:
UITA. Asociación de Trabajadores del Campo. CIPRES
|
| Fag: | |
| Tags: |
Tilføj Tag
Ingen Tags, Vær først til at tagge denne postø!
|
MARC
| LEADER | 00000 a a2200000 04500 | ||
|---|---|---|---|
| 001 | 35850 | ||
| 003 | |||
| 040 | |||
| 020 | |a 99924-801-1-4 | ||
| 090 | |a 0001 R332r | ||
| 245 | |a Reforma Agraria y soberanía alimentaria (Nicaragua y el Salvador) | ||
| 260 | |a Managua: |b UITA. Asociación de Trabajadores del Campo. CIPRES | ||
| 300 | |a 144 p. | ||
| 520 | |a Se presenta un resumen y conclusiones sobre la reforma agraria en Nicaragua en 1970 -2000, donde se incluyen algunos conceptos generales como tierra, relaciones latifundistas, etc. Asimismo, se hace un recuento del desarrollo histórico de la reforma agraria así como alcances y limitaciones y finalmente situación y perspectivas | ||
| 650 | |a REFORMA AGRARIA | ||
| 650 | |a NICARAGUA | ||
| 999 | |c 11231 |d 11231 | ||



